• 首页
  • 本馆介绍
  • 公告通知
  • 最新文献
  • 馆藏检索
  • 电子资源
  • 读者导购
  • 参考咨询
  • 我的图书馆
  • 登录
  • 详细信息显示
  • 放入我的书架
  • 预约/预借图书
  • 作者相关作品
  • 分类相关作品
  • 丛书相关作品
  • 出版社相关作品

书目信息

  • 表格格式
  • 工作单格式
  • 卡片格式
题名:
两宋货币史
    
 
作者: 汪圣铎 著
分册: 上册  
出版信息: 北京   社会科学文献出版社  2003
页数: 459页
开本: 20cm
丛书名: 东方历史学术文库
单 册:
中图分类: F822.9
科图分类:
主题词: 货币史--中国--两宋时代
电子资源:
ISBN: 7-80190-043-X
000 00937oam2 2200253 45
001 002699517
005 20041229085129.2
010    @a7-80190-043-X@dCNY65.00
100    @a20040811d2003 emky0chiy0110 ea
101 0  @achi
102    @aCN@b110000
105    @ay z 000yd
200 1  @a两宋货币史@Aliang song huo bi shi@h上册@f汪圣铎著@FWang Sheng Duo Zhu
210    @a北京@c社会科学文献出版社@d2003
215    @a459页@d20cm
225 2  @a东方历史学术文库
300    @a东方历史研究出版基金资助出版 教育部省属高校人文社会科学重点研究基地河北大学宋史研究中心科研项目基金资助出版
330    @a全书共上下两册。书中征引古籍及近人著作300余种,对铜钱、铁钱、纸币、金银及有价证券等均进行了探考和分析;对宋代货币的重要问题进行了探索并提出见解。
410    @12001 @a东方历史学术文库
606 0  @a货币史@y中国@z两宋时代
690    @aF822.9@v4
701  0 @a汪圣铎@4著
801  0 @aCN@bNLC@c20040917
905    @b341686-690@dF822.9@e28:1@f5
    
    两宋货币史.上册/汪圣铎著.-北京:社会科学文献出版社,2003
    459页;20cm.-(东方历史学术文库)
    东方历史研究出版基金资助出版 教育部省属高校人文社会科学重点研究基地河北大学宋史研究中心科研项目基金资助出版
    
    ISBN 7-80190-043-X:CNY65.00
    全书共上下两册。书中征引古籍及近人著作300余种,对铜钱、铁钱、纸币、金银及有价证券等均进行了探考和分析;对宋代货币的重要问题进行了探索并提出见解。
●
相关链接 在E读中查询图书 在五车中查询图书 在当当中查询图书 在豆瓣中查询图书


正题名:两宋货币史     索取号:F822.9/28:1         预约/预借

序号 登录号 条形码 馆藏地/架位号 状态 备注
1 0341686   203416865   第一样本阅览室/ [索取号:F822.9/28:1] 在馆    
2 0341687   203416874   密集书库/ [索取号:F822.9/28:1] 在馆    
3 0341688   203416883   第一借阅区/ [索取号:F822.9/28:1] 在馆    
4 0341689   203416892   第一借阅区/ [索取号:F822.9/28:1] 在馆    
5 0341690   203416909   第一借阅区/ [索取号:F822.9/28:1] 在馆    
唐山师范学院图书馆 欢迎您!
大连网信软件有限公司© 版权所有